|
|
|
|
| LEADER |
01525nam a2200385Ia 4500 |
| 001 |
EBC3018961 |
| 003 |
MiAaPQ |
| 005 |
20200520144314.0 |
| 006 |
m o d | |
| 007 |
cr cn||||||||| |
| 008 |
110329s2010 nyua sb 001 0 eng d |
| 010 |
|
|
|z 2011286061
|
| 020 |
|
|
|z 9781612096094
|
| 020 |
|
|
|z 9781607419952
|
| 020 |
|
|
|z 1607419955
|
| 035 |
|
|
|a (MiAaPQ)EBC3018961
|
| 035 |
|
|
|a (Au-PeEL)EBL3018961
|
| 035 |
|
|
|a (CaPaEBR)ebr10662767
|
| 035 |
|
|
|a (OCoLC)704294269
|
| 040 |
|
|
|a MiAaPQ
|c MiAaPQ
|d MiAaPQ
|
| 050 |
|
4 |
|a HE206.2
|b .P39 2010
|
| 082 |
0 |
4 |
|a 327.51073
|2 22
|
| 245 |
0 |
0 |
|a Paying our way
|h [electronic resource] :
|b transforming transportation finance /
|c Simon D. Bartha, editor.
|
| 260 |
|
|
|a New York :
|b Nova Science Publishers,
|c c2010.
|
| 300 |
|
|
|a xxxi, 242 p. :
|b col. ill.
|
| 490 |
0 |
|
|a Transportation infrastructure : roads, highways, bridges, airports and mass transit
|
| 504 |
|
|
|a Includes bibliographical references and index.
|
| 533 |
|
|
|a Electronic reproduction. Ann Arbor, MI : ProQuest, 2015. Available via World Wide Web. Access may be limited to ProQuest affiliated libraries.
|
| 650 |
|
0 |
|a Transportation
|z United States
|x Finance.
|
| 650 |
|
0 |
|a Transportation and state
|z United States.
|
| 655 |
|
4 |
|a Electronic books.
|
| 700 |
1 |
|
|a Bartha, Simon D.
|
| 710 |
2 |
|
|a National Surface Transportation Infrastructure Financing Commission (U.S.)
|
| 710 |
2 |
|
|a ProQuest (Firm)
|
| 856 |
4 |
0 |
|u https://ebookcentral.proquest.com/lib/matrademy/detail.action?docID=3018961
|z Click to View
|